Guess in which year the MCU Movies were made - Statistics

General Stats
  • This quiz has been taken 91 times
  • The average score is 27 of 27
Answer Stats
The Movies Rotten Tomatoes Answer % Correct
Iron Man 94% 2008
100%
The incredible Hulk 67% 2008
100%
Iron man 2 72% 2010
100%
Captain America: The First Avenger 80% 2011
100%
Thor 77% 2011
100%
Marvel's The Avenger 91% 2012
100%
Captain America: The Winter Soldier 90% 2014
100%
Guardians of the Galaxy 92% 2014
100%
Avengers: Age of Ultron 76% 2015
100%
Ant Man 83% 2015
100%
Captain America: Civil War 90% 2016
100%
Doctor Strange 89% 2016
100%
Guardians of the Galaxy Vol.2 85% 2017
100%
Spider Man: Homecoming 92% 2017
100%
Thor Ragnarok 93% 2017
100%
Black Panther 96% 2018
100%
Ant Man and The Wasp 87% 2018
100%
Avengers: Infinity war 85% 2018
100%
Captain Marvel 79% 2019
100%
Avengers Engame 94% 2019
100%
Spider Man: Far From Home 90% 2019
100%
Black Widow 79% 2021
100%
Shang Chi and The Legend of Ten Rings 91% 2021
100%
The Eternals 47% 2021
100%
Spider Man: No Way Home 93% 2021
100%
Thor: The Dark World 66% 2013
99%
Iron man 3 79% 2013
99%
No matching quizzes found
Score Distribution
Percent of People with Each Score
Percentile by Number Answered
Your Score History
You have not taken this quiz